<?xml version="1.0" encoding="UTF-8"?>
<record
    xmlns:xsi="http://www.w3.org/2001/XMLSchema-instance"
    xsi:schemaLocation="http://www.loc.gov/MARC21/slim http://www.loc.gov/standards/marcxml/schema/MARC21slim.xsd"
    xmlns="http://www.loc.gov/MARC21/slim">

  <leader>01212cam a2200289Ia 45 0</leader>
  <controlfield tag="001">u182210</controlfield>
  <controlfield tag="003">SIRSI</controlfield>
  <controlfield tag="008">100608s2004    ua a     bm   000 0 eng d</controlfield>
  <datafield tag="040" ind1=" " ind2=" ">
    <subfield code="a">EAL</subfield>
  </datafield>
  <datafield tag="041" ind1=" " ind2=" ">
    <subfield code="a">eng</subfield>
    <subfield code="b">ara</subfield>
  </datafield>
  <datafield tag="090" ind1=" " ind2=" ">
    <subfield code="a">CD-1853</subfield>
  </datafield>
  <datafield tag="100" ind1="1" ind2=" ">
    <subfield code="a">Mohamed, Mohamed Abdou Ibrahim.</subfield>
  </datafield>
  <datafield tag="245" ind1="1" ind2="0">
    <subfield code="a">Cytogenitic and histopathological studies on the effect of apesticide on some reproductive parameters of male goats</subfield>
    <subfield code="h">[computer file]/</subfield>
    <subfield code="c">Mohamed Abdou Ibrahim Mohamed.</subfield>
  </datafield>
  <datafield tag="246" ind1="1" ind2="5">
    <subfield code="a">&#x62F;&#x631;&#x627;&#x633;&#x627;&#x62A; &#x62E;&#x644;&#x648;&#x64A;&#x629; &#x648;&#x631;&#x627;&#x62B;&#x64A;&#x629; &#x648;&#x647;&#x633;&#x62A;&#x648;&#x628;&#x627;&#x62B;&#x648;&#x644;&#x648;&#x62C;&#x64A;&#x629; &#x644;&#x62A;&#x623;&#x62B;&#x64A;&#x631; &#x627;&#x644;&#x645;&#x628;&#x64A;&#x62F; &#x627;&#x644;&#x62D;&#x634;&#x631;&#x649; &#x639;&#x644;&#x649; &#x628;&#x639;&#x636; &#x627;&#x644;&#x645;&#x639;&#x627;&#x64A;&#x64A;&#x631; &#x627;&#x644;&#x62A;&#x646;&#x627;&#x633;&#x644;&#x64A;&#x629; &#x641;&#x649; &#x630;&#x643;&#x648;&#x631; &#x627;&#x644;&#x645;&#x627;&#x639;&#x632;.</subfield>
  </datafield>
  <datafield tag="260" ind1=" " ind2=" ">
    <subfield code="c">2004.</subfield>
  </datafield>
  <datafield tag="300" ind1=" " ind2=" ">
    <subfield code="a">Computer laser optical disks;</subfield>
    <subfield code="c">4 3/4 in.</subfield>
  </datafield>
  <datafield tag="502" ind1=" " ind2=" ">
    <subfield code="a">Thesis (Ph.D.)--Zagazig  University,2004.</subfield>
  </datafield>
  <datafield tag="504" ind1=" " ind2=" ">
    <subfield code="a">Includes bibliographical references (leaves107-130).</subfield>
  </datafield>
  <datafield tag="538" ind1=" " ind2=" ">
    <subfield code="a">Systems requirments: Adobe Reader.</subfield>
  </datafield>
  <datafield tag="546" ind1=" " ind2=" ">
    <subfield code="a">Summary in Arabic.</subfield>
  </datafield>
  <datafield tag="650" ind1=" " ind2="0">
    <subfield code="a">Goats</subfield>
    <subfield code="x">Effect of pesticides on</subfield>
  </datafield>
  <datafield tag="650" ind1=" " ind2="0">
    <subfield code="a">Goats</subfield>
    <subfield code="x">Reproduction</subfield>
    <subfield code="x">Research.</subfield>
  </datafield>
  <datafield tag="650" ind1=" " ind2="0">
    <subfield code="a">Goats</subfield>
    <subfield code="x">Genetics</subfield>
  </datafield>
  <datafield tag="596" ind1=" " ind2=" ">
    <subfield code="a">1</subfield>
  </datafield>
  <datafield tag="856" ind1="4" ind2="0">
    <subfield code="u">http://nile.enal.sci.eg/thesis/1853.pdf</subfield>
    <subfield code="z">Content &amp; Abstract.</subfield>
  </datafield>
  <datafield tag="942" ind1=" " ind2=" ">
    <subfield code="c">ETH</subfield>
    <subfield code="2">lcc</subfield>
  </datafield>
  <datafield tag="952" ind1=" " ind2=" ">
    <subfield code="0">0</subfield>
    <subfield code="1">0</subfield>
    <subfield code="2">lcc</subfield>
    <subfield code="4">0</subfield>
    <subfield code="7">0</subfield>
    <subfield code="a">ENAL</subfield>
    <subfield code="b">ENAL</subfield>
    <subfield code="d">2018-02-19</subfield>
    <subfield code="l">0</subfield>
    <subfield code="o">CD-1853</subfield>
    <subfield code="p">CD001853</subfield>
    <subfield code="r">2018-02-19 00:00:00</subfield>
    <subfield code="t">1</subfield>
    <subfield code="w">2018-02-19</subfield>
    <subfield code="y">ETH</subfield>
  </datafield>
  <datafield tag="999" ind1=" " ind2=" ">
    <subfield code="c">15370</subfield>
    <subfield code="d">15370</subfield>
  </datafield>
</record>
